Dětem /
Veselé básničky a krátké pohádky o dětech i zvířátkách doprovázejí ilustrace M. Tiché.
Uloženo v:
| Hlavní autor: | |
|---|---|
| Další autoři: | |
| Médium: | E-kniha |
| Jazyk: | Czech |
| Vydáno: |
V Praze :
Albatros,
2017
|
| Vydání: | 1. vydání |
| Témata: | |
| Tagy: |
Žádné tagy |
| LEADER | 02474nam a2200553 i 4500 | ||
|---|---|---|---|
| 001 | 310839 | ||
| 003 | CZ PrSKC | ||
| 005 | 20260601215655.0 | ||
| 007 | ta | ||
| 008 | 171023s2017 xr a a 000 p cze | ||
| 015 | |a cnb002942695 | ||
| 020 | |a 9788000048208 |q (vázáno) : |c Kč 229,00 | ||
| 035 | |a (OCoLC)1019663906 | ||
| 040 | |a BOA001 |b cze |d ABA001 |e rda | ||
| 072 | 7 | |a 821.162.3-1 |x Česká poezie |2 Konspekt | |
| 072 | 7 | |a 821-93 |x Literatura pro děti a mládež (beletrie) |2 Konspekt | |
| 080 | |a 821.162.3-1 |2 MRF | ||
| 080 | |a 821.162.3-32 |2 MRF | ||
| 080 | |a 821-93 |2 MRF | ||
| 080 | |a (0:82-193) |2 MRF | ||
| 080 | |a (0:82-32) |2 MRF | ||
| 100 | 1 | |a Kožíšek, Josef, |d 1861-1933 |7 jk01062666 |4 aut | |
| 245 | 1 | 0 | |a Dětem / |c Josef Kožíšek ; ilustrovala Marie Tichá |
| 250 | |a 1. vydání | ||
| 264 | 1 | |a V Praze : |b Albatros, |c 2017 | |
| 300 | |a 76 stran : |b ilustrace (převážně barevné) ; |c 27 cm | ||
| 336 | |a text |b txt |2 rdacontent | ||
| 336 | |a statický obraz |b sti |2 rdacontent | ||
| 337 | |a bez média |b n |2 rdamedia | ||
| 338 | |a svazek |b nc |2 rdacarrier | ||
| 504 | |a Obsahuje bibliografii | ||
| 520 | 2 | |a Veselé básničky a krátké pohádky o dětech i zvířátkách doprovázejí ilustrace M. Tiché. | |
| 520 | 2 | |a Výběr z díla básníka, prozaika a pedagoga Josefa Kožíška (1861-1933) připravila Zuzana Kovaříková. Texty pro děti jsou doplněny doslovem o autorovi a o projektu Škola Josefa Kožíška (obnova školy v Měčíně) Petry Braunové. | |
| 521 | 8 | |a Pro děti od 5 let | |
| 655 | 7 | |a česká poezie |7 fd133958 |2 czenas | |
| 655 | 7 | |a české příběhy |7 fd133973 |2 czenas | |
| 655 | 7 | |a říkadla |7 fd133992 |2 czenas | |
| 655 | 7 | |a publikace pro děti |7 fd133156 |2 czenas | |
| 655 | 9 | |a Czech poetry |2 eczenas | |
| 655 | 9 | |a Czech stories |2 eczenas | |
| 655 | 9 | |a children's poetry |2 eczenas | |
| 655 | 9 | |a children's literature |2 eczenas | |
| 700 | 1 | |a Tichá, Marie, |d 1935- |7 jn20000402353 |4 ill | |
| 900 | |a ABA001 |b 21 | ||
| 928 | 9 | |a Albatros Media - Albatros | |
| 044 | |a xr | ||
| 910 | |a RBIT002 | ||
| 998 | |d 176369 |a https://core.palmknihy.cz/api/books/176369/cover?e11o6l |b https://core.palmknihy.cz/api/books/176369/cover/400?gqi0ko |c https://core.palmknihy.cz/api/books/176369/cover/50?8gkv44 |e 2026-12-31 |g 80 |i 9788000048208 |j https://core.palmknihy.cz/api/books/176369/preview.epub |k https://core.palmknihy.cz/api/books/176369/preview.pdf |l |q 49 |r 1 |s https://www.palmknihy.cz/kniha/176369 |t ebook |y 2017 |z 0 | ||
| 999 | |d 310837 | ||